Power scenario in India: issues in development (Record no. 501558)

000 -LEADER
fixed length control field 00431cam a22001337a 4500
008 - FIXED-LENGTH DATA ELEMENTS--GENERAL INFORMATION
fixed length control field 180718b1991 xxu||||| |||| 00| 0 eng d
082 ## - DEWEY DECIMAL CLASSIFICATION NUMBER
Classification number APPPA 90-91 SIN
100 ## - MAIN ENTRY--PERSONAL NAME
Personal name Sinha, Pradeep K.
245 ## - TITLE STATEMENT
Title Power scenario in India: issues in development
Statement of responsibility, etc. by Pradeep K. Sinha
260 ## - PUBLICATION, DISTRIBUTION, ETC.
Place of publication, distribution, etc. New Delhi
Name of publisher, distributor, etc. Indian Instiute of Public Administration
Date of publication, distribution, etc. 1991
300 ## - PHYSICAL DESCRIPTION
Extent 110p.
650 ## - SUBJECT ADDED ENTRY--TOPICAL TERM
Topical term or geographic name entry element Power development
650 ## - SUBJECT ADDED ENTRY--TOPICAL TERM
Topical term or geographic name entry element Growth-Power sector-India
Holdings
Withdrawn status Lost status Damaged status Not for loan Permanent Location Current Location Date acquired Full call number Barcode Date last seen Price effective from Koha item type
        Indian Institute of Public Administration Indian Institute of Public Administration 2018-08-04 APPPA 90-91 SIN GR12455 2018-08-04 2018-08-04 GR

Powered by Koha